000 02183nam0a2200397 4500
001 RU\NLR\BIBL_A\012365649
005 20201023131953.0
010 _a978-5-9906144-1-19
_9500
021 _aRU
_bКН-П-20-032392
_9КН-П-20-2484
021 _aRU
_bКН-П-20-054782
_9КН-П-20-4085
035 _a(NLR Aleph) 012365649
035 _a(RuMoRGB)010350741
090 _a11550404
_c11550404
100 _a20200929d2020 k y0rusy50 ca
101 0 _arus
_aeng
102 _aRU
105 _aac||z|||000zy
181 0 _ai
_baxxe
182 0 _an
200 1 _aМетоды энергетических обследований и новые индикаторы оценки технологий и технических средств
_fА. Ф. Эрк, Л. Ю. Смирнова, И. А. Субботин [и др.
_gредакторы: И.Б. Ужинова и др.
_gПрограмма приграничного сотрудничества "Россия - Юго-Восточная Финляндия" 2014-2020, Проект KS1675 Российско-Финляндский центр компетенций в сфере биоэкономики - БИОКОМ]
203 _aТекст
_bвизуальный
_cнепосредственный
210 _aСанкт-Петербург
_cИАЭП
_d2020
215 _a30 с.
_cтабл., цв. ил.
_d21
300 _aТекст парал. рус., англ.
606 1 _aСельское хозяйство
_xЭлектрификация
_xЭкологически чистые технологии
_2nlr_sh2
_3RU\NLR\AUTH\661480270
606 1 _aСельскохозяйственная энергетика
_xЭнергосберегающие ресурсы
_xЭкологическая оценка
_2nlr_sh2
_3RU\NLR\AUTH\661571676
686 1 _aП076
686 1 _aП077
701 1 _aЭрк
_bА. Ф.
701 1 _aСмирнова
_bЛ. Ю.
701 1 _aСубботин
_bИ. А.
702 1 _aУжинова
_bИ. Б.
_gИрина Борисовна
_4340
942 _cBOOK
980 _aNB